000 00942nam a2200241Ia 4500
005 20240530110953.0
008 140319s2007 xx 000 0 ara d
020 _a9774084462
040 _aGCL /
_cGCL
082 0 4 _a657.7 /
_bس م
100 1 _aسيمون ، كريسبين
245 1 0 _aالمحاسب ودوره فى الادارة الاستراتيجية /
_cتاليف سيمون ، كريسبين ؛ مترجم خالد العامرى
250 _aالطبعة الاولى
260 _aالقاهرة :
_bدار الفاروق للنشر والتوزيع،
_c2007
300 _a184ص؛
_c24 سم
490 _aمهارات الادارة للمحترفين
650 0 4 _aالمحاسب
650 0 4 _aالادارة الاستراتجية
650 0 4 _aالمحاسبة الادارية
700 1 _aخالد العامرى
_eمترجم
942 _2ddc
_cBK
999 _c67047
_d67047